[Event "Toronto NAYCC U12"]
[Site "Toronto"]
[Date "2013.08.18"]
[Round "8"]
[White "Luo, Ricky"]
[Black "Xue, Andrew"]
[Result "1/2-1/2"]
[WhiteElo "1023"]
[BlackElo "1114"]
[PlyCount "35"]
[EventDate "2013.08.14"]
[EventType "swiss"]
[EventRounds "9"]
[EventCountry "CAN"]
[SourceTitle "EXT 2022"]
[Source "ChessBase"]
[SourceDate "2021.10.06"]
[SourceVersion "1"]
[SourceVersionDate "2021.10.06"]
[SourceQuality "1"]

1. d4 d5 2. c4 e6 3. e3 Nf6 4. Nc3 Nc6 5. Nf3 Bb4 6. a3 Bxc3+ 7. bxc3 Bd7 8. cxd5 exd5 9. c4 Bg4 10. Be2 0-0 11. Nd2 Bxe2 12. Qxe2 Re8 13. Bb2 Re7 14. 0-0 Qd6 15. h3 Rae8 16. Rfe1 Ne4 17. Nxe4 Rxe4 18. c5 1/2-1/2

[Event "Toronto NAYCC U12"]
[Site "Toronto"]
[Date "2013.08.18"]
[Round "9"]
[White "Xue, Andrew"]
[Black "Minzak, Michael"]
[Result "1/2-1/2"]
[WhiteElo "1114"]
[BlackElo "1051"]
[PlyCount "48"]
[EventDate "2013.08.14"]
[EventType "swiss"]
[EventRounds "9"]
[EventCountry "CAN"]
[SourceTitle "EXT 2022"]
[Source "ChessBase"]
[SourceDate "2021.10.06"]
[SourceVersion "1"]
[SourceVersionDate "2021.10.06"]
[SourceQuality "1"]

1. e4 e5 2. Nf3 Nc6 3. Bc4 Bc5 4. d3 d6 5. h3 Bd7 6. Nc3 Nf6 7. Bg5 h6 8. Bh4 g5 9. Bg3 g4 10. hxg4 Bxg4 11. Bh4 Bb4 12. a3 Bxc3+ 13. bxc3 Be6 14. Bxe6 fxe6 15. Bg5 Qe7 16. Rxh6 Rxh6 17. Bxh6 0-0-0 18. Be3 Rh8 19. Ke2 d5 20. exd5 exd5 21. d4 exd4 22. Nxd4 Nxd4+ 23. Qxd4 Qe6 24. Rg1 Rg8 1/2-1/2

[Event "Toronto NAYCC U12"]
[Site "Toronto"]
[Date "2013.08.14"]
[Round "1"]
[White "Xue, Andrew"]
[Black "Cai, Jason"]
[Result "0-1"]
[WhiteElo "1114"]
[BlackElo "1778"]
[PlyCount "58"]
[EventDate "2013.08.14"]
[EventType "swiss"]
[EventRounds "9"]
[EventCountry "CAN"]
[SourceTitle "EXT 2022"]
[Source "ChessBase"]
[SourceDate "2021.10.06"]
[SourceVersion "1"]
[SourceVersionDate "2021.10.06"]
[SourceQuality "1"]

1. e4 c5 2. Nf3 Nc6 3. Bc4 g6 4. Nc3 Bg7 5. 0-0 e6 6. Re1 Nge7 7. b3 0-0 8. Bb2 a6 9. a4 Rb8 10. Qe2 d5 11. exd5 exd5 12. Bd3 Nf5 13. Ba3 Nb4 14. Bxb4 cxb4 15. Na2 Bxa1 16. Rxa1 Re8 17. Qf1 Qb6 18. Re1 Bd7 19. Ne5 Be6 20. h3 Ng3 21. Ng4 Nxf1 22. Nf6+ Kg7 23. Nxe8+ Rxe8 24. Bxf1 Bd7 25. Be2 Qd4 26. Kf1 Qxd2 27. a5 Bb5 28. Nc1 Qxc2 29. g4 d4 0-1